000 00523nam a2200193Ia 4500
005 20250508153200.0
008 008 250505s9999 xx 000 0 eng d
037 _aTextual
040 _aFEDL
_beng
_cFEDL
041 _aeng
_2eng
084 _a301, DUR
_qFEDL
100 _aDurkheim Emile
245 0 _aSuicide : A study in sociology
260 _aLondon, UK
_bRoutledge and Kegan Paul Limited
_c1952
300 _a404p.
650 _aSociology
942 _cTEXL
_h301, DUR
999 _c1341094
_d1341094